000 00756nam a22002055i 4500
001 154720
003 ES-MaACL
005 20250911063557.0
008 940301s1900 sp |||| | spa d
040 _aAS
_bspa
100 1 _aGracián, Baltasar,
_d1601-1658
_959478
245 1 3 _aEl heroe
_b; El discreto /
_cBaltasar Gracián ; con un estudio crítico por Arturo Farinelli.
260 _aMadrid :
_bB. Rodriguez Serra,
_c1900 (
_fImprenta de Antonio Marzo)
300 _a277 p. ;
_c18 cm.
490 1 _aBiblioteca de filosofía y sociología ;
_v3
700 1 _aFarinelli, Arturo,
_d1867-1948
_948861
830 0 _aBiblioteca de filosofía y sociología ;
_v3
_9221505
852 _aES-MaACL
_jF-258
_z-- Rust.
999 _c154720
_d154720